Terrorismo global /
Esta obra aborda el tema del alcance global del terrorismo practicado por fundamentalistas islámicos, las características del mismo, y cómo pueden los gobiernos y la comunidad internacional contrarrestar las expresiones de violencia de éste fenómeno político y social.
Shranjeno v:
| Glavni avtor: | |
|---|---|
| Format: | Knjiga |
| Jezik: | španščina |
| Izdano: |
Madrid, España :
Taurus,
2003, c2003
|
| Serija: | (Pensamiento Taurus)
|
| Teme: | |
| Oznake: |
Brez oznak, prvi označite!
|
MARC
| LEADER | 00000nam^a2200000^a^4500 | ||
|---|---|---|---|
| 001 | 000153491 | ||
| 005 | 20250521000000.0 | ||
| 009 | 20260310100319.553 | ||
| 020 | |a 84-306-0481-2 | ||
| 037 | |a Acervo ITESO - Biblioteca | ||
| 041 | |a ESP | ||
| 082 | |a 320. 58 |b REI | ||
| 100 | |a Reinares, Fernando |e (autor) | ||
| 245 | 1 | 0 | |a Terrorismo global / |c F. Reinares. |
| 264 | 4 | |a Madrid, España : |b Taurus, |c 2003, c2003 | |
| 300 | |a 180 p. | ||
| 336 | |a texto |b txt |2 rdacontenido | ||
| 337 | |a sin mediación |b n |2 rdamedio | ||
| 338 | |a volumen |b nc |2 rdasoporte | ||
| 440 | 1 | |a (Pensamiento Taurus) | |
| 520 | |a Esta obra aborda el tema del alcance global del terrorismo practicado por fundamentalistas islámicos, las características del mismo, y cómo pueden los gobiernos y la comunidad internacional contrarrestar las expresiones de violencia de éste fenómeno político y social. | ||
| 649 | |a XX | ||
| 650 | |a Terrorismo - |z EUA | ||
| 650 | |a Terrorismo | ||
| 650 | |a Radicalismo | ||
| 650 | |a Justicia e Injusticia | ||
| 650 | |a Tolerancia e Intolerancia | ||
| 650 | |a Movimientos Religiosos | ||
| 650 | |a Movimientos Políticos | ||
| 650 | |a Movimientos Sociales | ||
| 650 | |a Islamismo y Estado | ||
| 650 | |a Fundamentalismo Religioso | ||
| 650 | |a Fundamentalismo Político | ||
| 650 | |a Represión | ||
| 650 | |a Violencia Política | ||
| 650 | |a Seguridad Internacional | ||
| 650 | |a Relaciones Internacionales | ||
| 650 | |a Sociología Política | ||
| 650 | |a Política Internacional | ||
| 650 | |a Política | ||
| 910 | |a Fondo General | ||
| 920 | |a Impresos - Libros | ||
| 930 | |a Colección General | ||
| 905 | |a 101 | ||
| 901 | |a 0500081926 |b IT1 |c ACC |u 20250521 | ||
| 902 | |a https://opac.biblio.iteso.mx/vufind/Record/000153491 | ||